[Event "Turkish Club Cup 2019"]
[Site "Konya"]
[Date "2019.07.21"]
[Round "9"]
[White "Sahin, Hayrun Nisa"]
[Black "Kazik, Oguz Kagan"]
[Result "0-1"]
[WhiteElo "1772"]
[BlackElo "1706"]
[Annotator "NA"]
[PlyCount "114"]
[EventDate "2019.07.16"]
[EventType "team-tourn"]
[EventCountry "TUR"]
[SourceTitle "playchess.com"]
[Source "ChessBase"]
[SourceQuality "1"]

1. e4 c5 2. Nf3 d6 3. d4 cxd4 4. Nxd4 Nf6 5. Nc3 g6 6. Be3 Bg7 7. f3 O-O 8. Qd2 Nc6 9. Bc4 Nd7 10. h4 Nb6 11. Bb3 Na5 12. h5 Nbc4 13. Qf2 Nxe3 14. Qxe3 Nxb3 15. axb3 Bd7 16. O-O-O a5 17. hxg6 fxg6 18. Kb1 Rf7 19. Rh4 e5 20. Nf5 Bxf5 21. Rdh1 g5 22. Rh5 Bg6 23. Rxg5 Rf4 24. Rg3 Rh4 25. Rd1 Ra6 26. Qd3 Bf7 27. Nb5 Rh6 28. c4 a4 29. b4 Rc6 30. c5 d5 31. Nd6 Rhxd6 32. cxd6 Rxd6 33. Qb5 Kh8 34. Qxb7 Bg6 35. Rc1 Qf8 36. Rc8 Rd8 37. Rxd8 Qxd8 38. Rxg6 hxg6 39. exd5 Qf8 40. Qb6 Kh7 41. d6 Qf5+ 42. Ka1 a3 43. Qg1 Qc2 44. Qb1 axb2+ 45. Ka2 Qa4+ 46. Kxb2 e4+ 47. Kc1 Bh6+ 48. Kb2 Qxb4+ 49. Kc2 Qc4+ 50. Kd1 Qf1+ 51. Kc2 Qd3+ 52. Kb2 Bg7+ 53. Kc1 Qf1+ 54. Kc2 Qxg2+ 55. Kb3 Qxf3+ 56. Kc4 Qc3+ 57. Kd5 Qd3+ 0-1

[Event "Turkish Club Cup 2019"]
[Site "Konya"]
[Date "2019.07.21"]
[Round "9"]
[White "Gurses, Ayberk"]
[Black "Yildiz, Tunahan"]
[Result "1/2-1/2"]
[WhiteElo "1770"]
[BlackElo "1719"]
[Annotator "NA"]
[PlyCount "95"]
[EventDate "2019.07.16"]
[EventType "team-tourn"]
[EventCountry "TUR"]
[SourceTitle "playchess.com"]
[Source "ChessBase"]
[SourceQuality "1"]

1. e4 c5 2. Nf3 d6 3. d4 cxd4 4. Nxd4 Nf6 5. Nc3 a6 6. Bc4 e6 7. Bb3 Be7 8. g4 h6 9. Qf3 Nc6 10. Nxc6 bxc6 11. e5 dxe5 12. Ba4 Bd7 13. Be3 e4 14. Qe2 Nd5 15. Qc4 Nxe3 16. fxe3 Bh4+ 17. Ke2 e5 18. Qxe4 O-O 19. Bxc6 Bxc6 20. Qxc6 Rb8 21. Rab1 Rb4 22. Rhg1 Qb8 23. Qxa6 e4 24. Rg2 Rxb2 25. Rxb2 Qxb2 26. Nxe4 Qxc2+ 27. Kf3 Qb1 28. Qc4 Kh8 29. g5 hxg5 30. Nxg5 Qf5+ 31. Qf4 Qd5+ 32. e4 Qd1+ 33. Ke3 Qc1+ 34. Kf3 Qd1+ 35. Ke3 Qe1+ 36. Kf3 Qf1+ 37. Ke3 Qe1+ 38. Kf3 f6 39. Ne6 Qf1+ 40. Ke3 Qxg2 41. Qxh4+ Kg8 42. Nxf8 Qg1+ 43. Qf2 Qg5+ 44. Kd3 Kxf8 45. Qf5 Qc1 46. Qf2 Qa3+ 47. Ke2 Qxa2+ 48. Kf3 1/2-1/2

[Event "Turkish Club Cup 2019"]
[Site "Konya"]
[Date "2019.07.21"]
[Round "9"]
[White "Cakir, Ege"]
[Black "Polat, Ahmet Eren"]
[Result "1/2-1/2"]
[WhiteElo "1765"]
[BlackElo "1651"]
[Annotator "NA"]
[PlyCount "81"]
[EventDate "2019.07.16"]
[EventType "team-tourn"]
[EventCountry "TUR"]
[SourceTitle "playchess.com"]
[Source "ChessBase"]
[SourceQuality "1"]

1. Nf3 d6 2. d4 Nf6 3. c4 Nbd7 4. b3 g6 5. Bb2 Bg7 6. e3 b6 7. Be2 Bb7 8. Nc3 O-O 9. O-O Ne4 10. Nxe4 Bxe4 11. Nd2 Bb7 12. Bf3 Qc8 13. Bxb7 Qxb7 14. Nf3 c5 15. Qe2 a6 16. dxc5 bxc5 17. Bxg7 Kxg7 18. e4 f6 19. Ne1 Ne5 20. f4 Nc6 21. Nf3 e5 22. Rad1 Nd4 23. Nxd4 cxd4 24. f5 g5 25. Rd3 Rh8 26. Rdd1 Rhc8 27. Rb1 Qb4 28. Qb2 Rc5 29. Rfc1 Rac8 30. a3 Qb7 31. Qe2 Qc6 32. Qd3 a5 33. a4 Rb8 34. Rb2 Rb4 35. Rcb1 Qb6 36. Qd2 Qb7 37. Qc2 Rc8 38. Kf1 Qc6 39. Qd3 Rcb8 40. Ke2 R8b6 41. Kd1 1/2-1/2

[Event "Turkish Club Cup 2019"]
[Site "Konya"]
[Date "2019.07.21"]
[Round "9"]
[White "Asan, Elvan"]
[Black "Kilic, Gulseren"]
[Result "1-0"]
[WhiteElo "1760"]
[BlackElo "1422"]
[Annotator "NA"]
[PlyCount "127"]
[EventDate "2019.07.16"]
[EventType "team-tourn"]
[EventCountry "TUR"]
[SourceTitle "playchess.com"]
[Source "ChessBase"]
[SourceQuality "1"]

1. e4 c5 2. Nf3 g6 3. d4 Bg7 4. c3 cxd4 5. Nxd4 Nc6 6. Nxc6 bxc6 7. Be3 Nf6 8. f3 Qc7 9. Bc4 Bb7 10. O-O d5 11. exd5 cxd5 12. Bb5+ Bc6 13. Qa4 Bxb5 14. Qxb5+ Qd7 15. Na3 O-O 16. Qxd7 Nxd7 17. Nb5 Rab8 18. a4 a5 19. Rad1 e6 20. Bd4 Ne5 21. Bc5 Rfc8 22. b4 Nc4 23. Na7 Rxc5 24. bxc5 Bxc3 25. c6 Be5 26. f4 Bd6 27. Nb5 Rc8 28. Rc1 Rxc6 29. Nxd6 Rxd6 30. Rfd1 Rb6 31. Rb1 Kf8 32. Rxb6 Nxb6 33. Kf2 Nxa4 34. Ra1 Nc5 35. Rxa5 Ne4+ 36. Ke3 Kg7 37. Ra7 h5 38. g3 Kf6 39. Rc7 g5 40. Rc8 gxf4+ 41. Kxf4 e5+ 42. Ke3 Kf5 43. Rf8 f6 44. Rh8 d4+ 45. Kd3 Nc5+ 46. Kc4 Ne6 47. Rxh5+ Kg6 48. Rh8 Kf5 49. Re8 e4 50. g4+ Ke5 51. h4 d3 52. Kc3 Kd6 53. h5 Kd7 54. Ra8 Ke7 55. h6 Ng5 56. h7 Nxh7 57. Ra7+ Ke6 58. Rxh7 Ke5 59. Rh5+ Kf4 60. Rf5+ Kxg4 61. Rxf6 Kg3 62. Kd2 Kg4 63. Ke3 Kg5 64. Rf2 1-0

[Event "Turkish Club Cup 2019"]
[Site "Konya"]
[Date "2019.07.21"]
[Round "9"]
[White "Kargi, Mert"]
[Black "Ultanir, Guray"]
[Result "1-0"]
[WhiteElo "1729"]
[BlackElo "1601"]
[Annotator "NA"]
[PlyCount "79"]
[EventDate "2019.07.16"]
[EventType "team-tourn"]
[EventCountry "TUR"]
[SourceTitle "playchess.com"]
[Source "ChessBase"]
[SourceQuality "1"]

1. c4 d6 2. Nc3 Nf6 3. Nf3 e5 4. e4 Be7 5. g3 Nc6 6. Bg2 Bg4 7. h3 Bxf3 8. Qxf3 Nd4 9. Qd1 c6 10. O-O O-O 11. d3 Nd7 12. f4 f5 13. Be3 fxe4 14. dxe4 Bf6 15. Qd2 Qe8 16. g4 Bd8 17. Bxd4 exd4 18. Ne2 Nf6 19. Qd3 c5 20. Rae1 Qg6 21. Ng3 h5 22. g5 h4 23. Nf5 Nd7 24. Nxh4 Qh5 25. Nf5 Qg6 26. h4 Qe6 27. Bh3 Qg6 28. Bg4 Nf6 29. Qf3 Nxg4 30. Qxg4 Kh7 31. h5 Qe6 32. g6+ Kh8 33. h6 Rf6 34. hxg7+ Kg8 35. Qh5 Rxg6+ 36. Kf2 Kf7 37. Qh8 Ba5 38. Qxa8 Rg2+ 39. Kxg2 Qg6+ 40. Ng3 1-0

[Event "Turkish Club Cup 2019"]
[Site "Konya"]
[Date "2019.07.21"]
[Round "9"]
[White "Taskin, Arda"]
[Black "Toren, Kadir"]
[Result "1-0"]
[WhiteElo "1723"]
[BlackElo "1736"]
[Annotator "NA"]
[PlyCount "117"]
[EventDate "2019.07.16"]
[EventType "team-tourn"]
[EventCountry "TUR"]
[SourceTitle "playchess.com"]
[Source "ChessBase"]
[SourceQuality "1"]

1. d4 d5 2. c4 c6 3. Nf3 Nf6 4. Nbd2 Bf5 5. g3 Nbd7 6. Bg2 e6 7. O-O Be7 8. b3 O-O 9. Nh4 Bg4 10. h3 Bh5 11. g4 Bg6 12. Nxg6 hxg6 13. e4 dxe4 14. Nxe4 Nxe4 15. Bxe4 f5 16. Bg2 Bf6 17. Bb2 Qc7 18. Qd2 g5 19. Rae1 Rae8 20. Re2 g6 21. Ba3 Rf7 22. Rd1 e5 23. dxe5 Nxe5 24. Bd6 Qd7 25. Rde1 fxg4 26. hxg4 Rd8 27. c5 Nxg4 28. Bh3 Rh7 29. Qd3 Qf5 30. Qc4+ Kg7 31. Bxg4 Qd5 32. Qxd5 cxd5 33. Be7 Rdh8 34. Bxf6+ Kxf6 35. Re6+ Kf7 36. Re7+ Kf8 37. Rxh7 Rxh7 38. Rd1 Rc7 39. Rxd5 b6 40. cxb6 axb6 41. Rxg5 Kf7 42. Rb5 Rc6 43. a4 Kf6 44. b4 Kg7 45. a5 bxa5 46. bxa5 Rc4 47. f3 Ra4 48. Kf2 Ra3 49. Bc8 Kh6 50. a6 g5 51. Rb6+ Kg7 52. Bf5 Ra5 53. Be4 Kf8 54. Rb8+ Ke7 55. Rb7+ Kf6 56. a7 Ke5 57. a8=Q Rxa8 58. Rb5+ Kf4 59. Rf5# 1-0

[Event "Turkish Club Cup 2019"]
[Site "Konya"]
[Date "2019.07.21"]
[Round "9"]
[White "Keskin, Osman Orcun"]
[Black "Baycu, Arda"]
[Result "1/2-1/2"]
[WhiteElo "1719"]
[BlackElo "1394"]
[Annotator "NA"]
[PlyCount "60"]
[EventDate "2019.07.16"]
[EventType "team-tourn"]
[EventCountry "TUR"]
[SourceTitle "playchess.com"]
[Source "ChessBase"]
[SourceQuality "1"]

1. d4 Nf6 2. Nf3 g6 3. c4 Bg7 4. Nc3 O-O 5. e4 d6 6. Bg5 Nbd7 7. Be2 Qe8 8. O-O e5 9. dxe5 dxe5 10. Nd5 Nxd5 11. cxd5 h6 12. Be3 f5 13. exf5 gxf5 14. Qc2 f4 15. Bd2 e4 16. Ne1 Nb6 17. Qxc7 f3 18. Nxf3 exf3 19. Bxf3 Be5 20. Qc2 Rxf3 21. gxf3 Qh5 22. f4 Qg4+ 23. Kh1 Qf3+ 24. Kg1 Qg4+ 25. Kh1 Qf3+ 26. Kg1 Qg4+ 27. Kh1 Qf3+ 28. Kg1 Qg4+ 29. Kh1 Qf3+ 30. Kg1 Qg4+ 1/2-1/2

[Event "Turkish Club Cup 2019"]
[Site "Konya"]
[Date "2019.07.21"]
[Round "9"]
[White "Vursan, Emre Can"]
[Black "Iyiol, Mehmet"]
[Result "1/2-1/2"]
[WhiteElo "1714"]
[BlackElo "1857"]
[Annotator "NA"]
[PlyCount "151"]
[EventDate "2019.07.16"]
[EventType "team-tourn"]
[EventCountry "TUR"]
[SourceTitle "playchess.com"]
[Source "ChessBase"]
[SourceQuality "1"]

1. e4 c5 2. Nf3 e6 3. c3 Nf6 4. e5 Nd5 5. d4 cxd4 6. cxd4 b6 7. a3 Bb7 8. Bd3 Be7 9. O-O O-O 10. Re1 d6 11. Nbd2 dxe5 12. dxe5 Nd7 13. Ne4 h6 14. Qe2 Qc7 15. Ng3 Nc5 16. Nh5 Nxd3 17. Qxd3 Rac8 18. Nd2 Qc2 19. Qg3 Qg6 20. Qxg6 fxg6 21. Ng3 Nf4 22. Nde4 Nd3 23. Rd1 Nxe5 24. f4 Bxe4 25. Nxe4 Nc4 26. b3 Na5 27. b4 Nb3 28. Rb1 Nxc1 29. Rbxc1 Rxc1 30. Rxc1 Rxf4 31. Rc7 Rxe4 32. Rxe7 a5 33. b5 Re5 34. a4 Re4 35. Rb7 Rxa4 36. Rxb6 Kf7 37. Ra6 Ra2 38. Ra7+ Kf6 39. Ra8 a4 40. Rf8+ Ke7 41. Ra8 Rb2 42. Rxa4 Rxb5 43. Kf2 Rb3 44. Ra7+ Kf6 45. Ra8 g5 46. Rf8+ Ke7 47. Rg8 Kf7 48. Ra8 g6 49. Ra7+ Kf6 50. Ra8 e5 51. g4 Rb2+ 52. Kg3 h5 53. Ra6+ Kg7 54. Ra7+ Kh6 55. Re7 h4+ 56. Kh3 Rb3+ 57. Kg2 Re3 58. Kf2 Re4 59. h3 Rf4+ 60. Kg1 Rf3 61. Kg2 Rg3+ 62. Kh2 Re3 63. Kg2 e4 64. Kh2 Re1 65. Kg2 e3 66. Kh2 Re2+ 67. Kh1 Ra2 68. Rxe3 Kg7 69. Re6 Kf7 70. Rb6 Re2 71. Kg1 Re6 72. Rxe6 Kxe6 73. Kf2 Kd5 74. Kf3 Kd4 75. Kf2 Kd3 76. Kf3 1/2-1/2

[Event "Turkish Club Cup 2019"]
[Site "Konya"]
[Date "2019.07.21"]
[Round "9"]
[White "Simsek, Meltem"]
[Black "Gur, Tuba"]
[Result "1/2-1/2"]
[WhiteElo "1684"]
[BlackElo "1747"]
[Annotator "NA"]
[PlyCount "70"]
[EventDate "2019.07.16"]
[EventType "team-tourn"]
[EventCountry "TUR"]
[SourceTitle "playchess.com"]
[Source "ChessBase"]
[SourceQuality "1"]

1. d4 d5 2. c4 e6 3. cxd5 exd5 4. Nf3 Nf6 5. Nc3 Bd6 6. Bg5 c6 7. e3 O-O 8. Bd3 Bg4 9. O-O Nbd7 10. h3 Bxf3 11. Qxf3 h6 12. Bxf6 Nxf6 13. Rac1 Re8 14. a3 Qe7 15. Rfe1 Rac8 16. e4 dxe4 17. Nxe4 Nxe4 18. Qxe4 Qxe4 19. Rxe4 Rxe4 20. Bxe4 Re8 21. Bf3 g6 22. Kf1 Kg7 23. d5 cxd5 24. Bxd5 Re7 25. a4 b6 26. b3 Rc7 27. Rxc7 Bxc7 28. f3 Bd6 29. Ke2 Bc5 30. Kd3 a5 31. Bc4 f5 32. g4 fxg4 33. fxg4 g5 34. Ke4 Kf6 35. Bb5 Bb4 1/2-1/2

[Event "Turkish Club Cup 2019"]
[Site "Konya"]
[Date "2019.07.21"]
[Round "9"]
[White "Ersahince, Umut Utku"]
[Black "Celik, Musa"]
[Result "0-1"]
[WhiteElo "1677"]
[BlackElo "1773"]
[Annotator "NA"]
[PlyCount "80"]
[EventDate "2019.07.16"]
[EventType "team-tourn"]
[EventCountry "TUR"]
[SourceTitle "playchess.com"]
[Source "ChessBase"]
[SourceQuality "1"]

1. e4 c5 2. Nf3 Nc6 3. Bb5 g6 4. O-O Bg7 5. c3 e5 6. d3 Nge7 7. Be3 d6 8. d4 cxd4 9. cxd4 O-O 10. h3 h6 11. d5 Nb8 12. Nfd2 f5 13. f3 f4 14. Bf2 g5 15. Be2 Ng6 16. Nc3 a6 17. Nc4 b5 18. Nb6 Ra7 19. Nxc8 Rb7 20. Na7 h5 21. Nc6 Qf6 22. a4 b4 23. Na2 b3 24. Nab4 a5 25. Na6 Nxa6 26. Bxa6 Rbf7 27. Qxb3 g4 28. Kh1 Nh4 29. Be2 Bh6 30. Nxa5 Rg7 31. Rg1 Kh7 32. Nc6 Rfg8 33. a5 gxh3 34. gxh3 Ng2 35. a6 Ne3 36. Rxg7+ Rxg7 37. Qb7 Rxb7 38. Bxe3 Qh4 39. Bc1 Qe1+ 40. Kg2 Rg7+ 0-1

[Event "Turkish Club Cup 2019"]
[Site "Konya"]
[Date "2019.07.21"]
[Round "9"]
[White "Banci, Dogancan"]
[Black "Orbay, Mert"]
[Result "1/2-1/2"]
[WhiteElo "1643"]
[BlackElo "1556"]
[Annotator "NA"]
[PlyCount "89"]
[EventDate "2019.07.16"]
[EventType "team-tourn"]
[EventCountry "TUR"]
[SourceTitle "playchess.com"]
[Source "ChessBase"]
[SourceQuality "1"]

1. e4 c6 2. d3 d5 3. Nd2 Nf6 4. Ngf3 Bg4 5. h3 Bxf3 6. Qxf3 e6 7. Be2 Qc7 8. O-O Bd6 9. c3 Nbd7 10. d4 dxe4 11. Nxe4 Nxe4 12. Qxe4 O-O 13. Bd3 Nf6 14. Qh4 Be7 15. Bf4 Qd8 16. Be5 g6 17. Qh6 Ne8 18. Qe3 Ng7 19. Rfe1 Re8 20. Qf4 Rc8 21. Qf3 Bd6 22. Bxd6 Qxd6 23. Rad1 Qd5 24. Qxd5 cxd5 25. a4 Nf5 26. Bxf5 gxf5 27. f4 Rc4 28. Ra1 Rec8 29. Ra3 a5 30. Rea1 R8c6 31. Rb3 b6 32. Kf2 Kf8 33. Rb5 Ke7 34. Ke3 h5 35. Ra3 Kd7 36. Kf3 h4 37. Kf2 Kc7 38. Kf3 Kb7 39. Kf2 Ka6 40. Rbb3 Rc8 41. Ra1 Rg8 42. Rba3 Rg3 43. Re1 Rc8 44. Re3 Rg7 45. Ra1 1/2-1/2

[Event "Turkish Club Cup 2019"]
[Site "Konya"]
[Date "2019.07.21"]
[Round "9"]
[White "Genc, Mehmet Emin"]
[Black "Oz, Ozan"]
[Result "0-1"]
[WhiteElo "1633"]
[BlackElo "1923"]
[Annotator "NA"]
[PlyCount "46"]
[EventDate "2019.07.16"]
[EventType "team-tourn"]
[EventCountry "TUR"]
[SourceTitle "playchess.com"]
[Source "ChessBase"]
[SourceQuality "1"]

1. e4 e6 2. Nf3 c5 3. d4 cxd4 4. Nxd4 Nc6 5. Be3 Nf6 6. Nc3 Qc7 7. Ndb5 Qb8 8. Qd2 a6 9. Nd4 Bb4 10. Bd3 d5 11. exd5 Nxd5 12. O-O Nxe3 13. fxe3 O-O 14. Be4 Ne5 15. Rf4 f5 16. Raf1 fxe4 17. Nc6 bxc6 18. Rxf8+ Bxf8 19. Rxf8+ Kxf8 20. Qd8+ Kf7 21. Nxe4 Bd7 22. Ng5+ Kg6 23. Qe7 Qf8 0-1

[Event "Turkish Club Cup 2019"]
[Site "Konya"]
[Date "2019.07.21"]
[Round "9"]
[White "Sural, Ceren"]
[Black "Sen, Nehir"]
[Result "1-0"]
[WhiteElo "1622"]
[BlackElo "1307"]
[Annotator "NA"]
[PlyCount "97"]
[EventDate "2019.07.16"]
[EventType "team-tourn"]
[EventCountry "TUR"]
[SourceTitle "playchess.com"]
[Source "ChessBase"]
[SourceQuality "1"]

1. e4 g6 2. Nf3 Bg7 3. d3 d6 4. Nbd2 Nf6 5. g3 O-O 6. Bg2 Nc6 7. O-O a5 8. a4 Nd7 9. c3 e5 10. Nc4 Re8 11. Ne3 Ne7 12. Ng4 f6 13. Nh6+ Bxh6 14. Bxh6 Nf8 15. d4 Kh8 16. dxe5 dxe5 17. Qc2 Ng8 18. Be3 Qe7 19. Rad1 Be6 20. b3 Rad8 21. Nd2 b6 22. Nb1 Nd7 23. c4 c5 24. Nc3 Nb8 25. Nd5 Qb7 26. f4 Nc6 27. f5 Bxd5 28. exd5 Nb4 29. Qe4 g5 30. h4 h6 31. Kf2 Kg7 32. Rh1 Rd6 33. Rh2 Kf8 34. Rdh1 Re7 35. Bf3 Rg7 36. Be2 Qd7 37. g4 Qb7 38. hxg5 hxg5 39. Qg2 Rdd7 40. Rh5 Rdf7 41. Qh2 Rd7 42. Rh8 Ke7 43. d6+ Kxd6 44. Rd1+ Ke7 45. Rxd7+ Qxd7 46. Rxg8 Rf7 47. Qh1 Qc7 48. Qa8 Qd7 49. Rb8 1-0

[Event "Turkish Club Cup 2019"]
[Site "Konya"]
[Date "2019.07.21"]
[Round "9"]
[White "Nas, Muhammed Akif Bahadd"]
[Black "Bedir, Bekircan"]
[Result "0-1"]
[WhiteElo "1620"]
[BlackElo "1858"]
[Annotator "NA"]
[PlyCount "70"]
[EventDate "2019.07.16"]
[EventType "team-tourn"]
[EventCountry "TUR"]
[SourceTitle "playchess.com"]
[Source "ChessBase"]
[SourceQuality "1"]

1. e4 c5 2. Nf3 d6 3. c3 Nc6 4. Bb5 Bd7 5. O-O Nf6 6. d3 e6 7. Bg5 Be7 8. Nbd2 a6 9. Ba4 O-O 10. Bc2 Rc8 11. Nc4 Qc7 12. Rc1 b5 13. Ne3 Ne5 14. Nxe5 dxe5 15. Ng4 Nd5 16. Qd2 Bxg5 17. Qxg5 Nf4 18. Rce1 f6 19. Qh4 Be8 20. Ne3 Rd8 21. Rd1 h5 22. Rfe1 g5 23. Qg3 h4 24. Qg4 Bh5 25. g3 Bxg4 26. Nxg4 Ng6 27. a4 Kg7 28. f3 f5 29. Nf2 hxg3 30. hxg3 f4 31. Nh3 Qe7 32. g4 Rh8 33. Kh2 Kf6 34. Rh1 Qh7 35. Kg2 Qh4 0-1

[Event "Turkish Club Cup 2019"]
[Site "Konya"]
[Date "2019.07.21"]
[Round "9"]
[White "Yildirim, Yasin"]
[Black "Demir, Ugur"]
[Result "1-0"]
[WhiteElo "1619"]
[BlackElo "1763"]
[Annotator "NA"]
[PlyCount "91"]
[EventDate "2019.07.16"]
[EventType "team-tourn"]
[EventCountry "TUR"]
[SourceTitle "playchess.com"]
[Source "ChessBase"]
[SourceQuality "1"]

1. d4 d5 2. Nc3 e6 3. e4 dxe4 4. Nxe4 Nf6 5. Nxf6+ Qxf6 6. Bd3 Bd6 7. Nf3 h6 8. Qe2 Nc6 9. c3 Bd7 10. O-O O-O-O 11. Re1 g5 12. Ne5 Be8 13. Nc4 Bf4 14. b4 h5 15. Be4 Ne7 16. Na5 c6 17. b5 Bc7 18. bxc6 Bxa5 19. Qb5 Bxc6 20. Qxa5 Bxe4 21. Rxe4 Qf5 22. Re5 Qd3 23. Bxg5 Nc6 24. Rc5 Rd5 25. Qxa7 Rxg5 26. Qa8+ Kc7 27. Qxh8 Rxc5 28. dxc5 Qd5 29. Qf8 Ne5 30. Qe7+ Qd7 31. Qxd7+ Nxd7 32. Re1 Kc6 33. Rd1 Nxc5 34. Rd8 Kb5 35. Rh8 Kc4 36. Rxh5 b6 37. Rh7 Kxc3 38. Rxf7 Kb2 39. Rc7 Kxa2 40. Rc6 Na4 41. Rxe6 b5 42. h4 b4 43. h5 b3 44. h6 b2 45. Re2 Nc3 46. Rxb2+ 1-0

[Event "Turkish Club Cup 2019"]
[Site "Konya"]
[Date "2019.07.21"]
[Round "9"]
[White "Sarikas, Ertan"]
[Black "Ekici, Caner"]
[Result "1-0"]
[WhiteElo "1612"]
[BlackElo "1650"]
[Annotator "NA"]
[PlyCount "127"]
[EventDate "2019.07.16"]
[EventType "team-tourn"]
[EventCountry "TUR"]
[SourceTitle "playchess.com"]
[Source "ChessBase"]
[SourceQuality "1"]

1. e4 c5 2. Nf3 d6 3. d4 cxd4 4. Qxd4 Nc6 5. Bb5 Bd7 6. Bxc6 Bxc6 7. Nc3 Nf6 8. Bg5 e6 9. O-O-O Be7 10. Rhe1 Qc7 11. Qd2 h6 12. Bh4 a6 13. Nd4 b5 14. Nxc6 Qxc6 15. Bxf6 gxf6 16. f3 Rc8 17. Kb1 h5 18. Ne2 b4 19. Nd4 Qb6 20. f4 a5 21. f5 e5 22. Nf3 a4 23. Re3 Rg8 24. Rd3 Qc6 25. Rd5 Qc4 26. Re1 b3 27. axb3 axb3 28. cxb3 Qxb3 29. Rd3 Qb5 30. g3 Rg4 31. Rc3 Rb8 32. Qc2 Bd8 33. Nd2 h4 34. Rb3 Qxb3 35. Nxb3 hxg3 36. hxg3 Rxg3 37. Nd2 Rg2 38. Qc6+ Ke7 39. Rd1 Rb6 40. Qd5 Bc7 41. Nc4 Rb4 42. Ka2 Rc2 43. Rh1 Rcxc4 44. Rh7 Kd8 45. Qxf7 Kc8 46. Rh8+ Kb7 47. Qd5+ Kb6 48. Ra8 Rc5 49. Qd3 Rcb5 50. Qe3+ Rc5 51. Rf8 Kc6 52. Rxf6 Rcc4 53. Rf8 Rxe4 54. Qc1+ Rbc4 55. Qh1 Kb5 56. f6 Bb6 57. f7 Rf4 58. Qd1 Ra4+ 59. Kb1 Rab4 60. Qd5+ Bc5 61. Rb8+ Ka6 62. f8=Q Rxf8 63. Rxf8 Rb7 64. Qd1 1-0

[Event "Turkish Club Cup 2019"]
[Site "Konya"]
[Date "2019.07.21"]
[Round "9"]
[White "Kelemci, Mehmet Gorkem"]
[Black "Tugmen, Alperen"]
[Result "1-0"]
[WhiteElo "1565"]
[BlackElo "1410"]
[Annotator "NA"]
[PlyCount "55"]
[EventDate "2019.07.16"]
[EventType "team-tourn"]
[EventCountry "TUR"]
[SourceTitle "playchess.com"]
[Source "ChessBase"]
[SourceQuality "1"]

1. e4 e6 2. d4 b6 3. Nf3 Bb7 4. Bd3 d6 5. c4 Nd7 6. Nc3 g6 7. Be3 Bg7 8. O-O Ne7 9. Rc1 h6 10. Qd2 g5 11. Ne1 Ng6 12. Bb1 O-O 13. f4 gxf4 14. Bxf4 Nxf4 15. Rxf4 e5 16. Rg4 Kh8 17. d5 Bc8 18. Nf3 Nf6 19. Rh4 Bg4 20. Rf1 Bh5 21. Nd1 Kg8 22. Ne3 Bxf3 23. Rxf3 Nxd5 24. Nf5 Nf4 25. Rfxf4 exf4 26. Qxf4 Qg5 27. Qxg5 hxg5 28. Ne7# 1-0

[Event "Turkish Club Cup 2019"]
[Site "Konya"]
[Date "2019.07.21"]
[Round "9"]
[White "Tuncer, Duru"]
[Black "Temel, Burcu Melis"]
[Result "0-1"]
[WhiteElo "1520"]
[BlackElo "1790"]
[Annotator "NA"]
[PlyCount "128"]
[EventDate "2019.07.16"]
[EventType "team-tourn"]
[EventCountry "TUR"]
[SourceTitle "playchess.com"]
[Source "ChessBase"]
[SourceQuality "1"]

1. e4 c5 2. d4 cxd4 3. c3 d5 4. exd5 Qxd5 5. Nf3 Nc6 6. cxd4 e6 7. Nc3 Bb4 8. Be2 Nf6 9. O-O Bxc3 10. bxc3 O-O 11. a4 b6 12. Rb1 Bb7 13. Bd3 Na5 14. Re1 Rac8 15. Bd2 Nc4 16. Bg5 Nd6 17. Re5 Qc6 18. Bxf6 gxf6 19. Rh5 f5 20. Qd2 f6 21. Qh6 Rc7 22. c4 Rg7 23. Be2 Ne4 24. Rh3 Nc3 25. Re1 Nxe2+ 26. Rxe2 Qxc4 27. Qe3 Bd5 28. a5 b5 29. Rg3 Rff7 30. Re1 Qc7 31. Qd2 f4 32. Rxg7+ Rxg7 33. Nh4 Bxg2 34. Nxg2 f3 35. Kh1 Rxg2 36. Qh6 Qg7 37. Qh3 f5 38. Qxf3 Rg6 39. Qa8+ Qf8 40. Qxa7 Qc8 41. Qc5 Qa8+ 42. d5 Qxd5+ 43. Qxd5 exd5 44. Re5 Rd6 45. Rxf5 b4 46. a6 Rxa6 47. Rxd5 Rb6 48. Kg2 Kf7 49. Rd1 Ke6 50. Kf3 Ke5 51. Ke3 b3 52. f4+ Kf5 53. Rb1 b2 54. Kf3 Rb3+ 55. Kg2 Kxf4 56. Kf2 h5 57. Kg2 Ke3 58. Kh3 Kd2+ 59. Kh4 Kc2 60. Rg1 b1=Q 61. Rxb1 Kxb1 62. Kxh5 Rh3+ 63. Kg4 Rxh2 64. Kg3 Re2 0-1

[Event "Turkish Club Cup 2019"]
[Site "Konya"]
[Date "2019.07.21"]
[Round "9"]
[White "Aslan, Lina"]
[Black "Yalcin, Nehir"]
[Result "1/2-1/2"]
[WhiteElo "1493"]
[BlackElo "1392"]
[Annotator "NA"]
[PlyCount "64"]
[EventDate "2019.07.16"]
[EventType "team-tourn"]
[EventCountry "TUR"]
[SourceTitle "playchess.com"]
[Source "ChessBase"]
[SourceQuality "1"]

1. e4 c5 2. Nf3 d6 3. d3 g6 4. g3 Bg7 5. Bg2 Nf6 6. O-O O-O 7. Nc3 Nc6 8. Be3 Ng4 9. Qd2 Nxe3 10. Qxe3 e5 11. h4 Nd4 12. Qd2 Rb8 13. Nxd4 cxd4 14. Nd5 Be6 15. c4 Qd7 16. Rfc1 Rfc8 17. Rc2 b6 18. Rac1 Bxd5 19. cxd5 Rxc2 20. Qxc2 Rd8 21. Qc7 Qxc7 22. Rxc7 Ra8 23. Bh3 Bf8 24. Rc8 Rxc8 25. Bxc8 Bh6 26. Kf1 Bc1 27. b3 Kf8 28. Bd7 Ke7 29. Bc6 Bd2 30. Ke2 Bc3 31. Kf3 h5 32. Ke2 Kf6 1/2-1/2

[Event "Turkish Club Cup 2019"]
[Site "Konya"]
[Date "2019.07.21"]
[Round "9"]
[White "Kaynar, Mustafa Deniz"]
[Black "Can, Isik"]
[Result "1/2-1/2"]
[WhiteElo "1483"]
[BlackElo "2374"]
[Annotator "NA"]
[PlyCount "94"]
[EventDate "2019.07.16"]
[EventType "team-tourn"]
[EventCountry "TUR"]
[SourceTitle "playchess.com"]
[Source "ChessBase"]
[SourceQuality "1"]

1. e4 c5 2. c3 d5 3. exd5 Qxd5 4. d4 Nf6 5. Nf3 Bg4 6. Be2 e6 7. Be3 cxd4 8. Bxd4 Nc6 9. O-O Nxd4 10. Nxd4 Bxe2 11. Qxe2 Be7 12. Nd2 O-O 13. Qf3 Qxf3 14. N2xf3 Rfd8 15. Rad1 Rac8 16. Rd3 Nd5 17. Rfd1 Bf6 18. Kf1 Kf8 19. g3 a6 20. Ke2 Nb6 21. b3 Ke7 22. c4 Nd7 23. Re3 g6 24. h3 Nb8 25. g4 Nc6 26. Nxc6+ Rxc6 27. Rxd8 Kxd8 28. Rd3+ Ke7 29. Nd4 Rd6 30. Ke3 e5 31. Nf3 Rxd3+ 32. Kxd3 Ke6 33. b4 Be7 34. Kc3 f5 35. a4 e4 36. Nd4+ Ke5 37. c5 fxg4 38. hxg4 Kd5 39. Ne2 Bf6+ 40. Kb3 Bh4 41. Nc3+ Kd4 42. b5 axb5 43. axb5 Kxc5 44. Nxe4+ Kxb5 45. f4 Kc6 46. g5 Kd5 47. Nf6+ Kc6 1/2-1/2

[Event "Turkish Club Cup 2019"]
[Site "Konya"]
[Date "2019.07.21"]
[Round "9"]
[White "Karasakal, Deniz"]
[Black "Gulceken, Sumeyye"]
[Result "0-1"]
[WhiteElo "1430"]
[BlackElo "1535"]
[Annotator "NA"]
[PlyCount "59"]
[EventDate "2019.07.16"]
[EventType "team-tourn"]
[EventCountry "TUR"]
[SourceTitle "playchess.com"]
[Source "ChessBase"]
[SourceQuality "1"]

1. e4 c6 2. d4 d5 3. Nc3 dxe4 4. Nxe4 Bf5 5. Ng3 Bg6 6. Nf3 Nd7 7. Nh4 e6 8. Nxg6 hxg6 9. Ne4 Ngf6 10. Nxf6+ Nxf6 11. g3 Qd5 12. f3 O-O-O 13. c4 Bb4+ 14. Ke2 Qxc4+ 15. Kf2 Qxd4+ 16. Qxd4 Rxd4 17. Be3 Rd7 18. a3 Ba5 19. Be2 Bb6 20. Bxb6 axb6 21. Rac1 Kb8 22. Rc2 e5 23. Bc4 e4 24. Ke3 exf3 25. Kxf3 g5 26. Re1 g4+ 27. Kf4 Rd4+ 28. Ke5 Rxc4 29. Rxc4 Re8+ 30. Kd4 0-1